[Event "I Taça Litoral"]
[Site "S Martinho Porto POR"]
[Date "2018.09.21"]
[Round "9.7"]
[White "Fernandes, Ricardo Paulos"]
[Black "Morais, Vítor"]
[Result "1-0"]
[WhiteElo "2160"]
[BlackElo "1893"]
[WhiteFideId "1943464"]
[BlackFideId "1900552"]
[BlackTitle "NM"]
[WhiteCountry "POR"]
[BlackCountry "POR"]
[PlyCount "69"]

1. Nf3 d5 2. g3 g6 3. Bg2 Bg7 4. d3 c5 5. O-O Nc6 6. Nbd2 e5 7. c4 Nge7 8. cxd5
Nxd5 9. Qb3 Nde7 10. Ne4 b6 11. Nfg5 O-O 12. f4 Nd4 13. Qd1 h6 14. Nf3 exf4 15.
gxf4 Bg4 16. Nxd4 Bxd4+ 17. Kh1 Nf5 18. Qe1 Rc8 19. h3 Bh5 20. Nc3 Re8 21. Bf3
Bxf3+ 22. Rxf3 Kh7 23. e4 Bg7 24. Qg1 Nd4 25. Rg3 Qh4 26. Qg2 Rc6 27. Be3 Rd6
28. Rg1 Rg8 29. e5 Rd7 30. Bxd4 cxd4 31. Ne2 h5 32. e6 fxe6 33. Rxg6 Re7 34. Kh2
Rf7 35. Rh6+ 1-0

[Event "I Taça Litoral"]
[Site "S Martinho Porto POR"]
[Date "2018.09.21"]
[Round "9.8"]
[White "Sismeiro, Miguel"]
[Black "Lopez De Turiso, José Angel"]
[Result "1/2-1/2"]
[WhiteElo "2014"]
[BlackElo "1942"]
[WhiteFideId "1950975"]
[BlackFideId "2207680"]
[WhiteCountry "POR"]
[BlackCountry "ESP"]
[PlyCount "70"]

1. e4 e5 2. Nf3 Nc6 3. Bb5 a6 4. Ba4 f5 5. d4 fxe4 6. Nxe5 Qh4 7. Bb3 Nd8 8. O-O
d6 9. Nc4 Nf6 10. Ne3 Be7 11. Nc3 Nf7 12. Ncd5 Bd8 13. Nxf6+ Bxf6 14. Bxf7+ Kxf7
15. Nd5 c6 16. Nb6 Bg4 17. Qd2 Rae8 18. Qf4 d5 19. Be3 Rhf8 20. h3 Be6 21. Qxh4
Bxh4 22. b4 Bd8 23. Na4 b6 24. a3 Bc7 25. Nc3 Ra8 26. Ne2 Ke7 27. Nc1 h6 28. Nb3
Bd6 29. c3 g5 30. a4 Rf7 31. a5 b5 32. Nc5 Bxc5 33. dxc5 Rg8 34. Kh2 h5 35. g3
Rf3 1/2-1/2

[Event "I Taça Litoral"]
[Site "S Martinho Porto POR"]
[Date "2018.09.21"]
[Round "9.9"]
[White "Castanheira, António"]
[Black "Hart, Alexander"]
[Result "0-1"]
[WhiteElo "1905"]
[BlackElo "1901"]
[WhiteFideId "1901788"]
[BlackFideId "1735829"]
[WhiteCountry "POR"]
[BlackCountry "SWE"]
[PlyCount "54"]

1. d4 d5 2. c4 c6 3. Nf3 Nf6 4. Nc3 e6 5. e3 Nbd7 6. Bd3 dxc4 7. Bxc4 b5 8. Bd3
Bb7 9. O-O a6 10. Qe2 c5 11. b3 Be7 12. Rd1 Qc7 13. Bb2 O-O 14. Rac1 Qb6 15. Bb1
Rfc8 16. h3 Rc7 17. e4 cxd4 18. Nxd4 Bc5 19. Nf3 Rac8 20. Rc2 Bb4 21. Rdc1 Bxc3
22. Rxc3 Rxc3 23. Rxc3 Rxc3 24. Bxc3 Qc6 25. Qb2 Nxe4 26. Bxe4 Qxe4 27. Bxg7 Qg6
0-1

[Event "I Taça Litoral"]
[Site "S Martinho Porto POR"]
[Date "2018.09.21"]
[Round "9.10"]
[White "Selkirk, Rebecca"]
[Black "Vonach, Bernard"]
[Result "1-0"]
[WhiteElo "1733"]
[BlackElo "1894"]
[WhiteFideId "14306514"]
[BlackFideId "4680243"]
[WhiteCountry "RSA"]
[BlackCountry "GER"]
[PlyCount "65"]

1. e4 e5 2. Nf3 Nc6 3. Bc4 Nf6 4. d3 Be7 5. c3 O-O 6. Bb3 d6 7. h3 Na5 8. Bc2 c5
9. d4 Qc7 10. O-O Nc6 11. d5 Nd8 12. Nh2 Ne8 13. f4 f6 14. f5 g6 15. Qg4 Ng7 16.
Qg3 g5 17. h4 h6 18. Ng4 Nf7 19. hxg5 hxg5 20. Kf2 Ne8 21. Rh1 Kg7 22. Be3 Bd8
23. Nd2 Rh8 24. Rh3 Qe7 25. Rxh8 Nxh8 26. Rh1 Qf8 27. Qh3 Qg8 28. Qh6+ Kf7 29.
Qxh8 Qxh8 30. Rxh8 Bd7 31. Rh7+ Ng7 32. Nh6+ Kf8 33. Nc4 1-0

[Event "I Taça Litoral"]
[Site "S Martinho Porto POR"]
[Date "2018.09.21"]
[Round "9.11"]
[White "Sperber, Ulrich"]
[Black "Amato, Giampiero"]
[Result "1-0"]
[WhiteElo "1838"]
[BlackElo "2031"]
[WhiteFideId "24697125"]
[BlackFideId "813303"]
[WhiteCountry "GER"]
[BlackCountry "ITA"]
[PlyCount "103"]

1. e4 e5 2. f4 exf4 3. Nf3 d5 4. exd5 Nf6 5. d4 Nxd5 6. Bc4 Be6 7. Bxd5 Bxd5 8.
Bxf4 Nc6 9. c3 Qe7+ 10. Kf2 O-O-O 11. Re1 Qd7 12. Nbd2 f6 13. b4 Qf5 14. Bg3 g5
15. Kg1 h5 16. Qb1 Qd7 17. Ne4 Qf7 18. a4 h4 19. Bf2 Ne7 20. a5 h3 21. g3 Qh5
22. Qd3 Qg6 23. c4 Bxc4 24. Qxc4 Qxe4 25. Rxe4 Nf5 26. b5 Nd6 27. Re6 Nxc4 28.
Rxf6 g4 29. Ng5 Be7 30. Rg6 Rhg8 31. Rxg8 Rxg8 32. Ne6 Kd7 33. d5 Bd6 34. Bxa7
Ra8 35. Bc5 Rxa5 36. Rc1 Nd2 37. Bxd6 Kxd6 38. Nxc7 Nf3+ 39. Kf2 Ra2+ 40. Ke3
Ne5 41. Ne8+ Kxd5 42. Rd1+ Ke6 43. Kf4 Rf2+ 44. Kg5 Rf5+ 45. Kh6 Nf3 46. Ng7+
Ke5 47. Nxf5 Kxf5 48. Rh1 Nd4 49. b6 Nf3 50. Kh5 Ne5 51. Rc1 Nd3 52. Rf1+ 1-0

[Event "I Taça Litoral"]
[Site "S Martinho Porto POR"]
[Date "2018.09.21"]
[Round "9.12"]
[White "February, Jesse"]
[Black "Pais, Bruno"]
[Result "0-1"]
[WhiteElo "1933"]
[BlackElo "1817"]
[WhiteFideId "14312336"]
[BlackFideId "1911341"]
[WhiteTitle "WIM"]
[WhiteCountry "RSA"]
[BlackCountry "POR"]
[PlyCount "76"]

1. e4 c5 2. Nf3 e6 3. d4 cxd4 4. Nxd4 a6 5. Bd3 Bc5 6. c3 Nc6 7. Nb3 Ba7 8. O-O
Nf6 9. Qe2 d6 10. N1d2 O-O 11. a4 Ne5 12. Bc2 Bd7 13. Nd4 Qc7 14. N2f3 Ng6 15.
Bg5 Ng4 16. h3 N4e5 17. Rfd1 Bc6 18. Nxc6 bxc6 19. Nxe5 Nxe5 20. Bf4 f6 21. c4
a5 22. Ra3 Rab8 23. Bb1 Bc5 24. Rg3 Rf7 25. b3 Qb6 26. Be3 Bxe3 27. Rxe3 c5 28.
f4 Nc6 29. Qh5 Nd4 30. e5 f5 31. g4 g6 32. Qh4 dxe5 33. fxe5 Qc6 34. Rf1 f4 35.
Re4 f3 36. Qf2 Rxb3 37. Qa2 Rb4 38. Bc2 Ne2+ 0-1

[Event "I Taça Litoral"]
[Site "S Martinho Porto POR"]
[Date "2018.09.21"]
[Round "9.14"]
[White "Basílio, Rodrigo"]
[Black "Hielscher, Ursula"]
[Result "1/2-1/2"]
[WhiteElo "1669"]
[BlackElo "1771"]
[WhiteFideId "1941380"]
[BlackFideId "4658965"]
[WhiteCountry "POR"]
[BlackCountry "GER"]
[PlyCount "139"]

1. e4 c6 2. d4 d5 3. Nc3 dxe4 4. Nxe4 Bf5 5. Ng3 Bg6 6. h4 h6 7. h5 Bh7 8. Nf3
Nf6 9. Bd3 Bxd3 10. Qxd3 Nbd7 11. c3 e6 12. Bd2 Bd6 13. Ne2 Qe7 14. O-O-O O-O-O
15. c4 e5 16. Qc2 Ng4 17. Rdf1 e4 18. Nh4 e3 19. Bxe3 Nxe3 20. fxe3 Qxe3+ 21.
Qd2 Qxd2+ 22. Kxd2 Nf6 23. Nf5 Bb4+ 24. Kd3 Ng4 25. a3 Bf8 26. Nf4 Rg8 27. Rh4
Ne5+ 28. Kc3 g6 29. dxe5 gxf5 30. Rh3 Re8 31. Re1 Rg4 32. Rf3 Bg7 33. Kd4 Rd8+
34. Kc3 c5 35. g3 Rd4 36. Rfe3 Bxe5 37. Rxe5 Rxg3+ 38. Kc2 Rxc4+ 39. Kb1 Rxf4
40. Rxc5+ Kd7 41. Rd5+ Kc6 42. Ree5 Rf1+ 43. Ka2 b6 44. Rxf5 Rxf5 45. Rxf5 Rg7
46. Rf6+ Kd5 47. Rxh6 f5 48. Kb3 f4 49. Kc3 Ke4 50. Rg6 Rh7 51. h6 Kf5 52. Rg7
Rxh6 53. Rxa7 Re6 54. b4 f3 55. Rf7+ Kg4 56. a4 Kg3 57. Rg7+ Kh2 58. Rh7+ Kg2
59. Rg7+ Kf1 60. a5 bxa5 61. bxa5 Ke2 62. Kb4 Rf6 63. Rg1 f2 64. Ra1 f1=Q 65.
Rxf1 Rxf1 66. Kc5 Kd3 67. a6 Rc1+ 68. Kb6 Rb1+ 69. Kc7 Kc4 70. a7 1/2-1/2

[Event "I Taça Litoral"]
[Site "S Martinho Porto POR"]
[Date "2018.09.21"]
[Round "9.15"]
[White "Krüger, Till"]
[Black "Dong, Rafael"]
[Result "1-0"]
[WhiteElo "1948"]
[BlackElo "1303"]
[WhiteFideId "24647705"]
[BlackFideId "1958038"]
[WhiteCountry "GER"]
[BlackCountry "POR"]
[PlyCount "39"]

1. e4 c5 2. c3 Nf6 3. e5 Nd5 4. d4 cxd4 5. cxd4 e6 6. Nf3 Nc6 7. Bd3 a6 8. O-O
b5 9. a3 Bb7 10. Nbd2 d6 11. Ne4 dxe5 12. dxe5 Qc7 13. Re1 Nxe5 14. Nxe5 Qxe5
15. Bg5 Qxb2 16. Rb1 Qxa3 17. Rxb5 Bc6 18. Rb3 Ba4 19. Rxa3 Bxd1 20. Bb5+ 1-0

[Event "I Taça Litoral"]
[Site "S Martinho Porto POR"]
[Date "2018.09.21"]
[Round "9.16"]
[White "Oliveira, Fernando Alves"]
[Black "Haase, Georg"]
[Result "0-1"]
[WhiteElo "1586"]
[BlackElo "1946"]
[WhiteFideId "1947869"]
[BlackFideId "12998265"]
[WhiteCountry "POR"]
[BlackCountry "GER"]
[PlyCount "134"]

1. d4 Nf6 2. Bf4 g6 3. Nf3 Bg7 4. e3 O-O 5. h3 b6 6. Be2 Bb7 7. O-O d6 8. Nbd2
Nbd7 9. Bh2 a5 10. a4 c5 11. c3 Ne4 12. Qc2 Nxd2 13. Qxd2 Nf6 14. Qd1 Ba6 15.
Bxa6 Rxa6 16. Qd3 Ra8 17. d5 Nd7 18. e4 Rc8 19. Qc4 f6 20. Ne1 f5 21. Nd3 fxe4
22. Qxe4 Nf6 23. Qe6+ Rf7 24. c4 Qd7 25. Qe2 Qf5 26. Rfe1 g5 27. g4 Qd7 28. f4
h6 29. Bg3 Rcf8 30. fxg5 hxg5 31. Qd2 Nh7 32. Re6 Bd4+ 33. Kg2 Rf6 34. Rae1 Rxe6
35. Rxe6 Rf6 36. Re2 e5 37. dxe6 Rxe6 38. b3 Qe7 39. Rxe6 Qxe6 40. Qe1 Kf7 41.
Qf1+ Nf6 42. Qf3 Qe4 43. Bxd6 Qe6 44. Bg3 Ke7 45. Qb7+ Nd7 46. Qf3 Nf6 47. Bf2
Qd6 48. Bxd4 Qxd4 49. Nf2 Qb2 50. Qb7+ Nd7 51. Qe4+ Kd6 52. Qd5+ Kc7 53. Qf3 Ne5
54. Qg3 Kb7 55. Qe3 Ka6 56. Kg3 Nc6 57. Qe8 Qxb3+ 58. Kg2 Na7 59. Qe2 Qxa4 60.
Ne4 Qc6 61. Kg1 Qg6 62. Nc3 Qd6 63. Qe3 Qd4 64. Kf2 b5 65. Kf3 Qxc4 66. Qd2 Nc6
67. Nd5 Nd4+ 0-1

[Event "I Taça Litoral"]
[Site "S Martinho Porto POR"]
[Date "2018.09.21"]
[Round "9.17"]
[White "Nielsen, Jørgen"]
[Black "Schleime, Franz-Joseph"]
[Result "1/2-1/2"]
[WhiteElo "1670"]
[BlackElo "1696"]
[WhiteFideId "1413279"]
[BlackFideId "24641740"]
[WhiteCountry "DEN"]
[BlackCountry "GER"]
[PlyCount "68"]

1. f4 d5 2. Nf3 g6 3. g3 Bg7 4. Bg2 Nf6 5. O-O c5 6. d3 O-O 7. c3 Nc6 8. h3 Qc7
9. Na3 a6 10. Qe1 Nh5 11. e4 dxe4 12. dxe4 e5 13. Nh2 exf4 14. gxf4 Be6 15. Be3
Ne7 16. Nc2 Bc4 17. Rf2 f5 18. b3 Bd3 19. e5 Ng3 20. Rd2 Bxc2 21. Rxc2 Ne4 22.
Rd1 Rad8 23. Rxd8 Rxd8 24. c4 b6 25. Bxe4 fxe4 26. Ng4 Nf5 27. Rd2 Rd3 28. Rxd3
exd3 29. Qd2 Qd7 30. Kf1 Nxe3+ 31. Nxe3 Qxh3+ 32. Kf2 Qh4+ 33. Kf3 Qh1+ 34. Kf2
Qh4+ 1/2-1/2

[Event "I Taça Litoral"]
[Site "S Martinho Porto POR"]
[Date "2018.09.21"]
[Round "9.18"]
[White "Heil, Rudolf"]
[Black "Dong, Fábio"]
[Result "1-0"]
[WhiteElo "1737"]
[BlackElo "1289"]
[WhiteFideId "1271132"]
[BlackFideId "1958020"]
[WhiteCountry "GER"]
[BlackCountry "POR"]
[PlyCount "49"]

1. c4 e5 2. g3 Nf6 3. Bg2 Nc6 4. Nc3 Bc5 5. e3 O-O 6. Nge2 d6 7. O-O Be6 8. d4
exd4 9. exd4 Nxd4 10. Nxd4 Bxc4 11. Re1 c6 12. b3 Bb4 13. Bd2 Bd3 14. Nc2 Bxc2
15. Qxc2 Qa5 16. Nb1 Bxd2 17. Qxd2 Qh5 18. Nc3 Ng4 19. h3 Nf6 20. Ne4 Nxe4 21.
Rxe4 d5 22. Re7 Rab8 23. Rae1 Qg6 24. Qf4 a6 25. Qxb8 1-0

[Event "I Taça Litoral"]
[Site "S Martinho Porto POR"]
[Date "2018.09.21"]
[Round "9.19"]
[White "Oster, Jean-Marie"]
[Black "Fonseca, René Gil"]
[Result "1-0"]
[WhiteElo "1479"]
[BlackElo "1392"]
[WhiteFideId "638013"]
[BlackFideId "1957767"]
[WhiteCountry "FRA"]
[BlackCountry "POR"]
[PlyCount "111"]

1. Nf3 f5 2. c4 Nf6 3. Nc3 e6 4. d4 d5 5. e3 c6 6. cxd5 exd5 7. a3 Bd6 8. b4 a6
9. Bb2 Ne4 10. Rc1 O-O 11. Be2 Nd7 12. O-O Ndf6 13. Qb3 f4 14. a4 Bg4 15. Rfd1
Bxf3 16. Bxf3 Qe8 17. Re1 Qg6 18. Nxe4 Nxe4 19. Bxe4 Qxe4 20. f3 Qg6 21. e4 Qg5
22. b5 axb5 23. axb5 Rac8 24. bxc6 bxc6 25. e5 Rb8 26. Qc2 Bb4 27. Bc3 Rfc8 28.
Bxb4 Rxb4 29. Qc5 Rc4 30. Rxc4 dxc4 31. Qxc4+ Kh8 32. Qe6 Qd8 33. Qc4 Qa5 34.
Rc1 Qd2 35. Qc3 Qa2 36. Rc2 Qb1+ 37. Rc1 Qa2 38. Qc2 Qd5 39. Qc4 Qa5 40. d5 Qa7+
41. Qc5 Ra8 42. Qxa7 Rxa7 43. h3 Kg8 44. Rxc6 Ra5 45. Rd6 Kf7 46. e6+ Ke7 47.
Rd7+ Ke8 48. h4 Ra1+ 49. Kh2 Re1 50. Rxg7 h5 51. Rg5 Ke7 52. Rxh5 Rd1 53. Rf5
Rd4 54. h5 Rb4 55. Kh3 Rb8 56. Kg4 1-0

[Event "I Taça Litoral"]
[Site "S Martinho Porto POR"]
[Date "2018.09.21"]
[Round "9.20"]
[White "Dias, José"]
[Black "Martins, Domingos"]
[Result "0-1"]
[WhiteElo "1622"]
[BlackElo "1339"]
[WhiteFideId "1923943"]
[BlackFideId "1947389"]
[WhiteCountry "POR"]
[BlackCountry "POR"]
[PlyCount "116"]

1. e4 c5 2. g3 Nc6 3. Bg2 e6 4. Nf3 Nf6 5. d3 Qc7 6. O-O a6 7. Re1 d6 8. Nbd2 b5
9. e5 Nd7 10. exd6 Bxd6 11. Ne4 Be7 12. Bf4 e5 13. Bd2 O-O 14. Nfg5 h6 15. Nf3
Nf6 16. Nxf6+ Bxf6 17. h3 Rb8 18. Nh2 Ne7 19. Ng4 Bxg4 20. Qxg4 Qc8 21. Qe2 Ng6
22. Kh2 Re8 23. Qf3 c4 24. Bxh6 cxd3 25. c3 e4 26. Qe3 gxh6 27. Qxh6 Bg7 28. Qg5
Re5 29. Qd2 Qc4 30. Qe3 Rbe8 31. Qb6 R5e6 32. Qa5 Qc5 33. Rf1 Rf6 34. a4 Rxf2
35. axb5 Rxf1 36. Bxf1 axb5 37. Qa7 Qxa7 38. Rxa7 d2 39. Be2 Rd8 40. Bd1 e3 41.
Ra1 Re8 42. Be2 b4 43. c4 Bxb2 44. Rb1 Bc3 45. Kg2 Rb8 46. Kf3 Re8 47. Kg2 Ne5
48. Kf1 Nc6 49. Kg2 Re6 50. Rf1 Nd4 51. Bh5 Re7 52. Rf4 Ne6 53. Re4 Bd4 54. Bd1
f5 55. Rh4 b3 56. Kf1 b2 57. Bc2 b1=Q+ 58. Bxb1 d1=Q+ 0-1

[Event "I Taça Litoral"]
[Site "S Martinho Porto POR"]
[Date "2018.09.21"]
[Round "9.21"]
[White "Ferreira, Cristina"]
[Black "Müller, Dieter"]
[Result "0-1"]
[WhiteElo "1134"]
[BlackElo "1632"]
[WhiteFideId "1963082"]
[BlackFideId "24699640"]
[WhiteCountry "POR"]
[BlackCountry "GER"]
[PlyCount "80"]

1. e4 d6 2. d4 Nf6 3. Nc3 g6 4. Nf3 Bg7 5. Bb5+ c6 6. Be2 b5 7. Be3 b4 8. Nb1
Nxe4 9. O-O O-O 10. Qd3 Bf5 11. a3 Ng3 12. Qb3 Nxf1 13. Bxf1 Qa5 14. Nbd2 c5 15.
Qd5 Nd7 16. Nb3 Qc7 17. axb4 cxb4 18. Na5 Nb6 19. Qb3 Qxc2 20. Qxb4 Nd5 21. Qb5
Nxe3 22. fxe3 Rfb8 23. Qd5 Be6 24. Qg5 f6 25. Qh4 Rxb2 26. Ne1 Qc7 27. Nd3 Rb5
28. Qe4 Bd5 29. Qf4 e5 30. Qg4 Rxa5 31. Rc1 Qd8 32. e4 Bf7 33. Nf2 h5 34. Qh3
Rb8 35. Bc4 Bxc4 36. Rxc4 Rb1+ 37. Nd1 Rxd1+ 38. Kf2 Ra2+ 39. Kg3 Rd3+ 40. Kh4
f5# 0-1

[Event "I Taça Litoral"]
[Site "S Martinho Porto POR"]
[Date "2018.09.21"]
[Round "9.22"]
[White "Coimbra, João"]
[Black "Fernandes, Martim Bernardo"]
[Result "1-0"]
[WhiteElo "1429"]
[BlackElo "1092"]
[WhiteFideId "1901435"]
[BlackFideId "1960547"]
[WhiteCountry "POR"]
[BlackCountry "POR"]
[PlyCount "97"]

1. e3 c5 2. d3 d5 3. c3 Nf6 4. Nd2 Bf5 5. Ndf3 Nc6 6. h3 e6 7. Be2 Bd6 8. Qb3 b6
9. Qa4 Rc8 10. d4 c4 11. Nd2 O-O 12. Ngf3 Bb8 13. Nf1 Qc7 14. Bd2 Ne4 15. Qd1
Nxd2 16. Qxd2 e5 17. Bd1 exd4 18. Nxd4 Nxd4 19. Qxd4 Qc5 20. Qxc5 Rxc5 21. a4 a6
22. Nd2 b5 23. axb5 axb5 24. Nf3 Rc6 25. Nd4 Rf6 26. Bf3 Be4 27. Ra5 Be5 28.
Rxb5 Bxd4 29. cxd4 Bxf3 30. gxf3 Rxf3 31. Rxd5 g6 32. Ke2 Rf6 33. Rc5 Rb8 34.
Rb1 Rfb6 35. Rxc4 Rxb2+ 36. Rxb2 Rxb2+ 37. Kf3 Rb5 38. Rc5 Rxc5 39. dxc5 Kf8 40.
Ke4 Ke7 41. f4 Kd7 42. Kd5 Kc7 43. e4 h5 44. h4 Kd7 45. c6+ Kd8 46. Kd6 Ke8 47.
c7 Kf8 48. c8=Q+ Kg7 49. Ke7 1-0